Регионална библиотека "Любен Каравелов" - Русе

Кавали свирят : Триптих (Запис номер 346035)

MARC детайли
000 -Лидер
Контролно поле с фиксирана дължина 01114nam a2200313 c 4500
003 - Код на организацията, давaща контролен номер
Контролно поле BLK
005 - Дата и час на последна редакция
Контролно поле 20221025141352.0
008 - Елементи от данни с фиксирана дължина
fixed length control field 180911b bul|||||r ||||||| ||bul||
010 ## - Наследен системен номер
LC control number 001930
040 ## - Източник на каталожния запис
Идентификатор на билиотеката - собственик на записа BLK
041 ## - Код за език
Код за езика на текст/звукозапис или на отделно заглавие Български
Код за езика КДБФ Български
080 ## - УДК
УДК - код + определител 886.7-4
080 ## - УДК
Текстов определител УДК История на България
УДК код - определител по УДК 94(497.2)
100 ## - Редна дума - Автор
Автор Караславов, Георгий Славов
Авторска отговорност първи автор
R(LIN) 327339
139 ## - Редно поле
Редна дума Караславов, Георгий Славов
Авторски знак Карас - К 36
245 00 - Сведения за заглавието
Заглавие Кавали свирят : Триптих
Редно поле (дума) Георги Караславов
260 ## - Област на издателските данни
Място на издаване, разпространение и проч. София
Година на издаване 1976
9 (RLIN) 210040
Име на издателя, разпространителя и проч. Нар. младеж
300 ## - Физическа характеристика
Страници 111 с
Размери/Мащаб 21 см
380 ## - Жанр
Жанр История
490 ## - СЕРИИ (Колекции)
Име на серия Частна колекция - Академик Михаил Арнаудов
Бележки за серията Дарение - Основен фонд
500 ## - Общи забележки
Забележка Автограф с текст: На акад. М. Арнаудов с уважение - Г. Караславов 21. 3. 1977 Драгалевци
655 ## - Ключова дума – жанр/разновидност
Данни за жанр/разновидност или ключова дума за фокус българска литература
762 ## - Описание на подсерията (дигитална колекция)
9 (RLIN) 409507
Име на дигиталната колекция Послания на времето
Резюме на колекция Акад. Михаил Арнаудов - послания и дарствени слова
Описание на колекция Академик Михаил Арнаудов е личност със значимо присъствие в българската култура и принос в областта на науката, литературата, фолклора, историята на българското Възраждане, социологията, философията и народопсихологията. Цялото документално и библиотечно наследство на родения в Русе виден учен е национално богатство от изключително значение. Единствено Регионална библиотека „Любен Каравелов“ – Русе притежава колекция от над 1500 книги от личната библиотека на Михаил Арнаудов с автографи, послания и дарствени надписи от български и чужди знакови личности. Зад всеки автограф се крие историята на взаимоотношенията между Академика и неговите съвременници. Тези автографи са неизвестни и неизследвани страници от българското културно наследство.
Номер на изображение 1
Описание на изображение Текст: На акад. М. Арнаудов с уважение – Г. Караславов 21.3.1977 Драгалевци
Название на изображение Автограф от Георги Караславов
763 1# - Описание на подсерията (дигитални колекции - автор)
Връзки 76894
Автор към изображението Караславов, Георги
Дати, свързани с автора 12.01.1904 – 26.01.1980
Друга информация Акад. Георги Караславов е български писател, белетрист и драматург, академик. Започва да публикува през 1919 г. в сп. „К'во – да е“. Първата му книга е „Уличници“, издадена през 1926 г. Някои от произведенията му са конфискувани от полицията – сборниците разкази „Изчадия адови“ (1932), „На два фронта“ (1934), повестта „Селкор“(1933). За нея Караславов е осъден и затворен в Софийския централен затвор. Има обемно и жанрово богато творчество, сред което особено много изпъкват романите „Снаха“ и „Татул“. Романът „Снаха“ излиза през 1942 г. Той е определен за най-висока точка в развитието на българската прогресивна проза преди 9 септември 1944 г. и получава „Лаврова клонка“ от цар Борис III за култура. Георги Караславов участва като доброволец във Втората световна война. Главен секретар и председател на Съюза на българските писатели (1958 – 1962). Удостоен е със званието Герой на социалистическия труд (1959 и 1964) и Герой на България през 1974 г. Носител на орден „Г. Димитров“ (1959, 1964, 1974) и Димитровска награда (1950, 1959).
Номера от таг 762 подп. 9 409507
Номер на изображение 1
Пълно име на автора Георги Караславов
852 ## - Местоположение
Форматна сигнатура МА 4883
Фондова буква Фонд "Михаил Арнаудов"
852 ## - Местоположение
Форматна сигнатура Цб 83720
Фондова буква Хранилище
856 ## - Електронен адрес и достъп
Инструкция (цена за достъп) 0.00
Права за достъп disable
999 ## - СИСТЕМНИ КОНТРОЛНИ НОМЕРА
Koha biblionumber 346035
Koha biblioitemnumber 346035
942 ## - АРТИКУЛИ
Вид на библиотечния материал Книги
Скрит в OPAC Не
Периодичен библиозапис Да
944 ## - СЪЗДАВАНЕ И РЕДАКЦИЯ на ЗАПИСА
Създаване/Редакция Създаване
Дата на регистрацията/редакция 1997
Служител, извършил регистрацията/редакцията ValK
999 ## - СИСТЕМНИ КОНТРОЛНИ НОМЕРА
Koha biblioitemnumber 346035
999 ## - СИСТЕМНИ КОНТРОЛНИ НОМЕРА
Koha biblioitemnumber 346035
999 ## - СИСТЕМНИ КОНТРОЛНИ НОМЕРА
Koha biblioitemnumber 346035
999 ## - СИСТЕМНИ КОНТРОЛНИ НОМЕРА
Koha biblioitemnumber 346035
999 ## - СИСТЕМНИ КОНТРОЛНИ НОМЕРА
Koha biblioitemnumber 346035
999 ## - СИСТЕМНИ КОНТРОЛНИ НОМЕРА
Koha biblioitemnumber 346035
Наличности
Код за отписване Код за изгубен артикул Източник на класификационната схема Код за повреда Код за отдаване Артикулен № Име на библиотеката - собственик Име на библиотеката, в която се намира в момента Статус (Текущо местоположение) Дата на вписване в системата Местоположение - отдел Цена в лева Номерация (Хронология) Систематично азбучна сигнатура Баркод Цена в евро Служебен тип на артикула Коз за рестрикции Инвентарен номер
  Не е изгубен Universal Decimal Classification Не е повреден Специални фондове ( старопечатни, редки и ценни, фонд М. Арнаудов) 747884 Регионална библиотека "Любен Каравелов" Русе Регионална библиотека "Любен Каравелов" Русе Фонд "Михаил Арнаудов" 2019-10-22 Фонд "Михаил Арнаудов" 9.00 Автограф: Георги Караславов МА 4883 120000836874 4.60 Книги    
  Не е изгубен Universal Decimal Classification Не е повреден ползва се в читалня 909862 Регионална библиотека "Любен Каравелов" Русе Регионална библиотека "Любен Каравелов" Русе Хранилище 2022-11-01 Хранилище 0.72   Цб 83720 120000218601 0.37 Книги само за читалня 218601
Vip Innovations Ltd, Rousse, Bulgaria 2025